[Event "99th YMCA Autumn D"]
[Site "Warszawa"]
[Date "2011.09.20"]
[Round "1"]
[White "Baranowicz, Jan"]
[Black "Budrewicz, Henryk"]
[Result "1-0"]
[WhiteElo "1672"]
[BlackElo "1596"]
[PlyCount "147"]
[EventDate "2011.09.19"]
[EventType "tourn"]
[EventRounds "1"]
[EventCountry "POL"]
[SourceDate "2011.09.20"]

1. e4 c5 2. Nf3 Nc6 3. d4 cxd4 4. Nxd4 e5 5. Nb5 d6 6. c4 a6 7. N5c3 Nf6 8. Be2
Nd4 9. O-O Be7 10. b3 O-O 11. f3 Nxe2+ 12. Qxe2 Bd7 13. Be3 Rc8 14. a4 Qa5 15.
Ra2 Qb4 16. Rb2 Qa5 17. Qf2 Qd8 18. Bb6 Qe8 19. Rd1 Be6 20. Nd2 Bd8 21. Nf1 Qc6
22. Bxd8 Rfxd8 23. Rbd2 Rd7 24. Rd3 Rcd8 25. a5 Ne8 26. Na4 f5 27. Ng3 f4 28.
Ne2 g5 29. Nec3 Rg7 30. Nb6 g4 31. Kf1 gxf3 32. gxf3 Bh3+ 33. Ke1 Rg2 34. Qh4
Qc5 35. Ne2 Qxa5+ 36. R1d2 Qxb6 37. Qxh3 Qf2+ 38. Kd1 Rxh2 39. Qe6+ Kh8 40. Qe7
Rh1+ 41. Kc2 Kg8 42. Qxd8 Kf8 43. Nxf4 Qg1 44. Ne6+ Kf7 45. Ng5+ Kf8 46. Ne6+
Kf7 47. Qd7+ Kf6 48. Rd1 Rh2+ 49. Kc1 Qf2 50. R1d2 Rh1+ 51. Kc2 Qg1 52. Kc3
Qa1+ 53. Kb4 b6 54. Qa4 Qxa4+ 55. bxa4 Kxe6 56. a5 Rb1+ 57. Rb3 Rxb3+ 58. Kxb3
bxa5 59. Ka4 h5 60. Kxa5 Nc7 61. Kb6 Kd7 62. c5 Ne8 63. c6+ Kc8 64. Kxa6 Kc7
65. Kb5 Ng7 66. Ra2 Ne6 67. Ra7+ Kc8 68. Kb6 Kd8 69. Ra8+ Ke7 70. c7 Nxc7 71.
Kxc7 Ke6 72. Re8+ Kf7 73. Rh8 Ke6 74. Rh6+ 1-0

[Event "99th YMCA Autumn D"]
[Site "Warszawa"]
[Date "2011.09.28"]
[Round "1"]
[White "Kasperski, Marcin"]
[Black "Powalka, Michal"]
[Result "0-1"]
[WhiteElo "1701"]
[BlackElo "1560"]
[PlyCount "72"]
[EventDate "2011.09.19"]
[EventType "tourn"]
[EventRounds "1"]
[EventCountry "POL"]
[SourceDate "2011.09.20"]

1. c4 Nf6 2. d4 g6 3. Nc3 Bg7 4. e4 d6 5. Be3 O-O 6. f3 e5 7. d5 Nh5 8. g4 Nf4
9. Qd2 f5 10. gxf5 gxf5 11. O-O-O Na6 12. Nge2 Nc5 13. Nxf4 exf4 14. Bd4 fxe4
15. Rg1 Rf7 16. Nxe4 Nxe4 17. fxe4 Qh4 18. Bd3 Bg4 19. Bxg7 Rxg7 20. Qxf4 Rf8
21. Qd2 Bxd1 22. Rxg7+ Kxg7 23. Kxd1 Rf2 24. Be2 Qxe4 25. Qg5+ Qg6 26. Qg3 Qxg3
27. hxg3 Rg2 28. g4 Kf6 29. b4 Kg5 30. a4 Rxg4 31. a5 h5 32. b5 b6 33. axb6
axb6 34. Ke1 Re4 35. Kf2 Rxe2+ 36. Kxe2 Kf4 0-1

[Event "99th YMCA Autumn D"]
[Site "Warszawa"]
[Date "2011.09.19"]
[Round "1"]
[White "Blank, Kamil"]
[Black "Jarzyna, Michal"]
[Result "1-0"]
[WhiteElo "1667"]
[BlackElo "1495"]
[Annotator "M"]
[PlyCount "73"]
[EventDate "2011.09.19"]
[EventType "tourn"]
[EventRounds "1"]
[EventCountry "POL"]
[SourceDate "2011.09.20"]

1. e4 c6 2. d4 d5 3. Nc3 dxe4 4. Nxe4 Bf5 5. Ng3 Bg6 6. h4 h6 7. Nf3 Nd7 8. h5
Bh7 9. Bd3 Bxd3 10. Qxd3 Qc7 11. Bd2 e6 12. O-O-O Ngf6 13. Ne4 Nxe4 14. Qxe4
Nf6 15. Qe2 Bd6 16. g3 O-O-O 17. Ne5 Kb8 18. Nc4 Ka8 19. Nxd6 Qxd6 20. Bf4 Qe7
21. g4 Nd5 22. Be5 Rc8 23. Kb1 f6 24. Bg3 Rhe8 25. Rd3 c5 26. dxc5 Rxc5 27.
Rhd1 Rcc8 28. Rb3 Qc5 29. f3 Qa5 30. Rdd3 Rc5 $11 31. Ra3 Qb5 32. Qd2 Rcc8 33.
Ra5 Qb6 34. Bf2 Qc6 35. Bxa7 Nc7 36. Rc3 Red8 37. Bd4+ 1-0

[Event "99th YMCA Autumn D"]
[Site "Warszawa"]
[Date "2011.09.19"]
[Round "1"]
[White "Sokur, Iwan"]
[Black "Wilczynski, Adam"]
[Result "1-0"]
[WhiteElo "1456"]
[BlackElo "1680"]
[PlyCount "125"]
[EventDate "2011.09.19"]
[EventType "tourn"]
[EventRounds "1"]
[EventCountry "POL"]
[SourceDate "2011.09.20"]

1. d4 Nf6 2. c4 e6 3. Nc3 Bb4 4. Nf3 c5 5. e3 O-O 6. Bd3 d5 7. O-O Nc6 8. a3
Bxc3 9. bxc3 b6 10. cxd5 exd5 11. Bb5 Na5 12. Ne5 Qc7 13. Bd3 Be6 14. Re1 Rad8
15. a4 Nc6 16. f4 Ne4 17. c4 Nb4 18. Bxe4 dxe4 19. d5 f6 20. Ng4 Bxg4 21. Qxg4
Qf7 22. Rd1 Rd6 23. Bd2 f5 24. Qe2 a5 25. Bc3 Nd3 26. Rxd3 exd3 27. Qxd3 Re8
28. Be5 Rdd8 29. Rb1 Rb8 30. Bxb8 Rxb8 31. d6 Qd7 32. Qd5+ Kf8 33. Rb5 Rb7 34.
e4 fxe4 35. Qxe4 Rb8 36. Qd5 Qe8 37. Kf2 Qd8 38. g3 Qc8 39. f5 Rb7 40. Qe6 Qd8
41. Rb2 Rf7 42. Rxb6 Rf6 43. Qe7+ Qxe7 44. dxe7+ Kxe7 45. Rxf6 Kxf6 46. g4 Ke5
47. Ke3 h5 48. f6 Kxf6 49. Ke4 hxg4 50. Kd5 Kg5 51. Kxc5 Kh4 52. Kd5 Kh3 53. c5
Kxh2 54. c6 g3 55. c7 g2 56. c8=Q g1=Q 57. Qh8+ Kg2 58. Qxg7+ Kf1 59. Qxg1+
Kxg1 60. Kc5 Kf2 61. Kb5 Ke3 62. Kxa5 Kd4 63. Kb6 1-0

[Event "99th YMCA Autumn D"]
[Site "Warszawa"]
[Date "2011.09.29"]
[Round "1"]
[White "Pajak, Jakub"]
[Black "Rodak, Przemyslaw"]
[Result "1/2-1/2"]
[WhiteElo "1694"]
[BlackElo "1551"]
[PlyCount "95"]
[EventDate "2011.09.19"]
[EventType "tourn"]
[EventRounds "1"]
[EventCountry "POL"]
[SourceDate "2011.09.20"]

1. d3 d5 2. g3 Nf6 3. Bg2 e6 4. Nf3 Be7 5. O-O O-O 6. c4 d4 7. a3 a5 8. Nbd2 c5
9. Rb1 Nc6 10. Re1 Qc7 11. Nf1 Rb8 12. Bd2 b6 13. Nh4 Bb7 14. Bxc6 Qxc6 15. Nf3
e5 16. b4 axb4 17. axb4 cxb4 18. Bxb4 Bxb4 19. Rxb4 Rfd8 20. Qb3 Ba8 21. Rb1
Nd7 22. N1d2 Kh8 23. Ne4 h6 24. Rb5 f5 25. Ned2 Qf6 26. Qb2 g5 27. Qa1 h5 28.
Qa6 Bc6 29. Rxb6 Nxb6 30. Rxb6 Ra8 31. Rxc6 Rxa6 32. Rxf6 Rxf6 33. Nxg5 Ra8 34.
Ndf3 Ra5 35. Kg2 Kg7 36. Ng1 Ra1 37. N1f3 Ra2 38. Nxe5 Rxe2 39. Nef3 Rd6 40. c5
Rd5 41. c6 Kf6 42. Nh3 Rc2 43. Nf4 Rd8 44. Nxh5+ Ke7 45. Ng7 Kf6 46. Nh5+ Ke7
47. Ng7 Kf6 48. Nh5+ 1/2-1/2

[Event "99th YMCA Autumn D"]
[Site "Warszawa"]
[Date "2011.09.19"]
[Round "1"]
[White "Litner, Igor"]
[Black "Praczukowski, Stanislaw"]
[Result "1/2-1/2"]
[WhiteElo "1676"]
[BlackElo "1678"]
[Annotator "M"]
[PlyCount "69"]
[EventDate "2011.09.19"]
[EventType "tourn"]
[EventRounds "1"]
[EventCountry "POL"]
[SourceDate "2011.09.20"]

1. d4 Nf6 2. Nf3 g6 3. c4 Bg7 4. Nc3 d5 5. e3 O-O 6. cxd5 Nxd5 7. Bc4 Nb6 8.
Bb3 c5 9. h3 N8d7 10. O-O cxd4 11. Nxd4 Nc5 12. Nce2 e5 13. Nf3 e4 14. Nfd4 Qg5
15. Ng3 Be5 16. Nde2 Rd8 17. Qc2 Nxb3 18. axb3 f5 19. Bd2 Be6 20. Bc3 Bxc3 21.
bxc3 a6 22. Rfd1 Nd5 23. Nd4 Bf7 24. Nge2 Rac8 25. Qb2 Rd7 26. c4 Nc7 27. Rac1
Rcd8 28. c5 Qf6 29. Rc2 Nd5 30. c6 Rc7 31. cxb7 Rxb7 32. Rc6 Rd6 33. Rdc1 Rb6
34. Rxd6 Rxd6 35. Rc8+ $11 1/2-1/2

[Event "99th YMCA Autumn D"]
[Site "Warszawa"]
[Date "2011.09.27"]
[Round "2"]
[White "Budrewicz, Henryk"]
[Black "Praczukowski, Stanislaw"]
[Result "1-0"]
[WhiteElo "1596"]
[BlackElo "1678"]
[Annotator "M"]
[PlyCount "115"]
[EventDate "2011.09.19"]
[EventType "tourn"]
[EventRounds "1"]
[EventCountry "POL"]
[SourceDate "2011.09.20"]

1. d4 d5 2. Nf3 Nf6 3. Bf4 c6 4. e3 Bf5 5. h3 e6 6. Nh4 Bg6 7. Nxg6 hxg6 8. Bd3
c5 9. c3 Nc6 10. Nd2 Qb6 11. b3 cxd4 12. exd4 Be7 13. Qe2 Rc8 14. O-O O-O 15.
Nf3 Nh5 16. Bh2 Qd8 17. g4 Nf6 18. Rfe1 Bd6 19. Ne5 Bxe5 20. Bxe5 Nxe5 21. dxe5
Nd7 22. c4 dxc4 23. Bxc4 Rc5 24. f4 a6 25. b4 Rc8 26. Kh2 Nb6 27. Red1 Qe7 28.
Rdc1 Qxb4 29. Rab1 Qa5 30. Bb3 Rfd8 31. Rxc8 Nxc8 32. Rd1 Ne7 33. Rxd8+ Qxd8
34. Kg3 Qd4 35. Qd1 Nc6 36. Qxd4 Nxd4 37. Bd1 Kf8 38. Kf2 Ke7 39. Ke3 Nc6 40.
a3 Kd7 41. Ke4 Ne7 42. Kd4 Kc6 43. Bf3+ Kc7 44. a4 b6 45. Kc4 $11 Nc6 46. Be4
Kd7 47. Bf3 a5 48. h4 Nb4 49. Be4 Na2 50. f5 gxf5 51. gxf5 Nc1 52. h5 Ne2 53.
f6 gxf6 54. h6 Nf4 55. h7 f5 56. Bxf5 exf5 57. h8=Q Ke7 58. Qf6+ 1-0

[Event "99th YMCA Autumn D"]
[Site "Warszawa"]
[Date "2011.09.26"]
[Round "2"]
[White "Rodak, Przemyslaw"]
[Black "Litner, Igor"]
[Result "1-0"]
[WhiteElo "1551"]
[BlackElo "1676"]
[PlyCount "61"]
[EventDate "2011.09.19"]
[EventType "tourn"]
[EventRounds "1"]
[EventCountry "POL"]
[SourceDate "2011.09.20"]

1. Nf3 d5 2. d4 Nf6 3. c4 e6 4. Bg5 Be7 5. e3 h6 6. Bh4 c5 7. dxc5 Qa5+ 8. Nc3
dxc4 9. Bxc4 Qxc5 10. Be2 O-O 11. O-O Rd8 12. Qb3 Nc6 13. Rac1 Qb4 14. Qc2 Bd7
15. a3 Qb6 16. Na4 Qc7 17. b4 a6 18. Rfd1 b5 19. Nc5 Rac8 20. Nxd7 Rxd7 21.
Rxd7 Qxd7 22. Ne5 Nxe5 23. Qxc8+ Qxc8 24. Rxc8+ Kh7 25. Ra8 g5 26. Bg3 Nc4 27.
Rxa6 Ne4 28. Ra7 Bf6 29. Rxf7+ Kg6 30. Ra7 Bb2 31. Bd3 1-0

[Event "99th YMCA Autumn D"]
[Site "Warszawa"]
[Date "2011.09.26"]
[Round "2"]
[White "Wilczynski, Adam"]
[Black "Pajak, Jakub"]
[Result "1-0"]
[WhiteElo "1680"]
[BlackElo "1694"]
[PlyCount "89"]
[EventDate "2011.09.19"]
[EventType "tourn"]
[EventRounds "1"]
[EventCountry "POL"]
[SourceDate "2011.09.20"]

1. c4 e5 2. g3 d6 3. Bg2 Nc6 4. Nc3 Be6 5. d3 Qd7 6. e4 g6 7. Nd5 Nd8 8. Bg5
Bg7 9. Ne2 c6 10. Ndc3 f6 11. Be3 Bh3 12. O-O Nf7 13. d4 h5 14. f3 Bxg2 15.
Kxg2 h4 16. g4 f5 17. h3 exd4 18. Bxd4 Bxd4 19. Qxd4 Ne5 20. c5 Rh7 21. cxd6
Qe6 22. Nf4 Qf6 23. exf5 Nxg4 24. Qe4+ Ne5 25. Nxg6 Qg5+ 26. Kh1 O-O-O 27. Qxe5
Rhd7 28. Ne4 Qh5 29. Nf4 Re8 30. Ne6 Rf7 31. N4c5 Nf6 32. Rad1 Nd7 33. Nxd7
Rxd7 34. Qf4 Qf7 35. Nc5 Qxa2 36. Rd2 b6 37. Nxd7 Kxd7 38. Rg1 Rg8 39. Rg6 Qb1+
40. Kh2 Rf8 41. Rg7+ Kd8 42. Qxh4+ Kc8 43. d7+ Kb7 44. d8=Q+ Ka6 45. Qa4# 1-0

[Event "99th YMCA Autumn D"]
[Site "Warszawa"]
[Date "2011.09.26"]
[Round "2"]
[White "Powalka, Michal"]
[Black "Blank, Kamil"]
[Result "0-1"]
[WhiteElo "1560"]
[BlackElo "1667"]
[PlyCount "64"]
[EventDate "2011.09.19"]
[EventType "tourn"]
[EventRounds "1"]
[EventCountry "POL"]
[SourceDate "2011.09.20"]

1. e4 c5 2. Nf3 d6 3. d4 cxd4 4. Nxd4 Nf6 5. Nc3 g6 6. Be3 Bg7 7. f3 O-O 8. Qd2
Nc6 9. O-O-O Nxd4 10. Bxd4 Be6 11. g4 Qc7 12. h4 Bc4 13. Bxc4 Qxc4 14. h5 e6
15. hxg6 fxg6 16. Qh2 e5 17. Be3 Qf7 18. Rxd6 Rfd8 19. Rxd8+ Rxd8 20. Bg5 Re8
21. Nb5 Qxa2 22. Bxf6 Bxf6 23. Qxh7+ Kf8 24. Nd6 Bg5+ 25. Kd1 Qb1+ 26. Ke2
Qxc2+ 27. Kf1 Qd3+ 28. Kg2 Qxd6 29. Qxb7 Qd2+ 30. Kf1 Qd1+ 31. Kg2 Qe2+ 32. Kg3
Bf4+ 0-1

[Event "99th YMCA Autumn D"]
[Site "Warszawa"]
[Date "2011.09.26"]
[Round "2"]
[White "Gajewski, Wojciech"]
[Black "Kasperski, Marcin"]
[Result "0-1"]
[WhiteElo "1486"]
[BlackElo "1701"]
[Annotator "M"]
[PlyCount "122"]
[EventDate "2011.09.19"]
[EventType "tourn"]
[EventRounds "1"]
[EventCountry "POL"]
[SourceDate "2011.09.20"]

1. d4 Nf6 2. Nf3 g6 3. Bf4 Bg7 4. h3 O-O 5. e3 d5 6. Be2 c5 7. c3 c4 8. O-O Nc6
9. Nbd2 Bf5 10. Ne5 Nxe5 11. Bxe5 Qb6 12. Qc1 Rac8 13. Bxf6 Qxf6 14. f4 Be4 15.
Nxe4 dxe4 16. Qc2 Qc6 17. a4 a5 18. Rad1 e6 19. Rd2 f5 20. Rfd1 Rfd8 21. Rc1 b5
22. axb5 Qxb5 23. Ra1 Ra8 24. Qa4 Qb6 25. Bxc4 Kf7 26. Qb5 Qxb5 27. Bxb5 Bf8
28. Ra4 Rdb8 29. Bc4 Be7 30. b3 g5 31. g3 gxf4 32. gxf4 Rg8+ 33. Rg2 Rxg2+ 34.
Kxg2 Rg8+ 35. Kh2 Bh4 36. Ra2 Bg3+ 37. Kh1 Be1 38. Rc2 Rg3 39. Re2 Bxc3 40. Kh2
Rf3 41. Kg2 $11 Bb4 42. Bb5 Be7 43. Bc4 h5 44. Bb5 h4 45. Bc4 Rg3+ 46. Kh2 Ba3
47. Re1 Bb2 48. Bb5 Ke7 49. Bc4 Kd6 50. Bb5 Bc3 51. Re2 Bxd4 52. exd4 Rxb3 53.
Bc4 Rc3 54. Ba2 Rf3 55. Rb2 Rxf4 56. Rb6+ Kc7 57. Rb2 e3 58. Bxe6 Rxd4 59. Bxf5
a4 60. Bg4 Rd2+ 61. Rxd2 exd2 0-1

[Event "99th YMCA Autumn D"]
[Site "Warszawa"]
[Date "2011.10.04"]
[Round "3"]
[White "Kasperski, Marcin"]
[Black "Baranowicz, Jan"]
[Result "0-1"]
[WhiteElo "1701"]
[BlackElo "1672"]
[PlyCount "136"]
[EventDate "2011.09.19"]
[EventType "tourn"]
[EventRounds "1"]
[EventCountry "POL"]
[SourceDate "2011.09.20"]

1. e4 c5 2. Nf3 Nc6 3. d4 cxd4 4. Nxd4 Nf6 5. Nc3 e5 6. Ndb5 d6 7. Nd5 Nxd5 8.
exd5 Nb8 9. c4 Be7 10. Bd3 a6 11. Nc3 Bg5 12. O-O g6 13. Bxg5 Qxg5 14. Ne4 Qe7
15. Qa4+ Nd7 16. Qa3 Nc5 17. Nxc5 dxc5 18. f4 O-O 19. fxe5 Qxe5 20. Qxc5 Qxb2
21. a4 b6 22. Qe3 Bd7 23. Rfb1 Qc3 24. Rc1 Rae8 25. Rxc3 Rxe3 26. Rca3 f5 27.
Bf1 Rxa3 28. Rxa3 a5 29. Rb3 Rf6 30. Ra3 f4 31. Kf2 Kf7 32. Be2 Ke7 33. Bd1 Kd6
34. Kf3 Bf5 35. Ra1 g5 36. h4 h6 37. hxg5 hxg5 38. Be2 Kc5 39. Rc1 Rf8 40. Rh1
Rf6 41. Rh5 Rg6 42. Rh8 Kb4 43. Rf8 Bc2 44. Re8 Bxa4 45. Re6 Rxe6 46. dxe6 Kc5
47. Ke4 Kd6 48. Kf5 Ke7 49. Kxg5 Bb3 50. c5 bxc5 51. Kxf4 a4 52. Bd3 a3 53. Bb1
a2 54. Bxa2 Bxa2 55. g4 Bxe6 56. Ke5 c4 57. Kd4 Kf6 58. Kc3 Kg5 59. Kd4 Kxg4
60. Kc3 Kf3 61. Kd2 Ke4 62. Kc3 Bf7 63. Kc2 Kd4 64. Kd2 Bg6 65. Kd1 Kd3 66. Kc1
c3 67. Kd1 c2+ 68. Kc1 Bf5 0-1

[Event "99th YMCA Autumn D"]
[Site "Warszawa"]
[Date "2011.10.18"]
[Round "3"]
[White "Blank, Kamil"]
[Black "Gajewski, Wojciech"]
[Result "1-0"]
[WhiteElo "1667"]
[BlackElo "1486"]
[PlyCount "47"]
[EventDate "2011.09.19"]
[EventType "tourn"]
[EventRounds "1"]
[EventCountry "POL"]
[SourceDate "2011.09.20"]

1. e4 g6 2. d4 Bg7 3. Nc3 a6 4. f4 c6 5. Nf3 d5 6. e5 Bg4 7. Be3 Nh6 8. h3 Bxf3
9. Qxf3 Nf5 10. Bf2 Qb6 11. O-O-O e6 12. g4 Nh6 13. Bd3 Nd7 14. Bh4 c5 15. Na4
Qa5 16. Nxc5 Nxc5 17. dxc5 Qxa2 18. Qe3 Rc8 19. c3 Qa1+ 20. Kc2 Qa4+ 21. Kb1
Qa5 22. b4 Qa3 23. Rd2 Qxc3 24. Bb5+ 1-0

[Event "99th YMCA Autumn D"]
[Site "Warszawa"]
[Date "2011.09.29"]
[Round "3"]
[White "Sokur, Iwan"]
[Black "Powalka, Michal"]
[Result "1-0"]
[WhiteElo "1456"]
[BlackElo "1560"]
[PlyCount "57"]
[EventDate "2011.09.19"]
[EventType "tourn"]
[EventRounds "1"]
[EventCountry "POL"]
[SourceDate "2011.09.20"]

1. d4 Nf6 2. Nc3 d5 3. Bg5 Bf5 4. Bxf6 gxf6 5. Nf3 e6 6. e3 c5 7. Bb5+ Nd7 8.
dxc5 Bxc5 9. Na4 Qa5+ 10. Nc3 Bb4 11. Bxd7+ Kxd7 12. O-O Bxc3 13. bxc3 Qxc3 14.
Nd4 Be4 15. Rb1 b6 16. Rb3 Qc7 17. f3 Bg6 18. Qd2 Ke7 19. Rc3 Qd7 20. Nc6+ Kf8
21. e4 Rc8 22. exd5 exd5 23. Qh6+ Ke8 24. Re1+ Be4 25. fxe4 d4 26. Qxf6 Rg8 27.
Ne5 Rxc3 28. Nxd7 Rxc2 29. g3 1-0

[Event "99th YMCA Autumn D"]
[Site "Warszawa"]
[Date "2011.10.06"]
[Round "3"]
[White "Pajak, Jakub"]
[Black "Jarzyna, Michal"]
[Result "1/2-1/2"]
[WhiteElo "1694"]
[BlackElo "1495"]
[PlyCount "78"]
[EventDate "2011.09.19"]
[EventType "tourn"]
[EventRounds "1"]
[EventCountry "POL"]
[SourceDate "2011.09.20"]

1. c4 e5 2. Nc3 Nf6 3. g3 Nc6 4. Bg2 d6 5. Rb1 a5 6. a3 Be6 7. d3 g6 8. b4 axb4
9. axb4 Qc8 10. Bg5 Bg7 11. h4 h6 12. Bd2 Ne7 13. Nf3 c6 14. b5 O-O 15. Qc1 Kh7
16. c5 dxc5 17. Nxe5 Nd7 18. Nxd7 Qxd7 19. Ne4 b6 20. bxc6 Qc7 21. Bc3 Bd5 22.
Bxg7 Kxg7 23. Qb2+ f6 24. O-O Rab8 25. Ra1 Bxc6 26. Ra6 Nd5 27. Rfa1 Rb7 28.
Nc3 Nxc3 29. Bxc6 Nxe2+ 30. Qxe2 Qxc6 31. Ra7 Rff7 32. Ra8 Rfe7 33. Qg4 Qd7 34.
Rg8+ Kxg8 35. Qxg6+ Kf8 36. Qxf6+ Kg8 37. Qg6+ Kf8 38. Qf6+ Kg8 39. Qg6+ Kf8
1/2-1/2

[Event "99th YMCA Autumn D"]
[Site "Warszawa"]
[Date "2011.10.03"]
[Round "3"]
[White "Litner, Igor"]
[Black "Wilczynski, Adam"]
[Result "1-0"]
[WhiteElo "1676"]
[BlackElo "1680"]
[PlyCount "119"]
[EventDate "2011.09.19"]
[EventType "tourn"]
[EventRounds "1"]
[EventCountry "POL"]
[SourceDate "2011.09.20"]

1. d4 Nf6 2. c4 e6 3. Nc3 Bb4 4. a3 Bxc3+ 5. bxc3 d6 6. Nf3 Nbd7 7. Bf4 Qe7 8.
Bg3 e5 9. e3 O-O 10. Be2 b6 11. O-O Bb7 12. Nd2 Rfe8 13. Bf3 e4 14. Be2 Nf8 15.
Nb3 Rad8 16. Qc2 c5 17. dxc5 dxc5 18. a4 Ng6 19. a5 Qe6 20. axb6 axb6 21. Rfb1
Bc8 22. Nd2 Qc6 23. Rb2 Bg4 24. Bxg4 Nxg4 25. Rab1 Qd7 26. h3 Nf6 27. Nf1 Ne5
28. Bxe5 Rxe5 29. Rxb6 h5 30. Ng3 h4 31. Ne2 Nh5 32. Rb7 Qe8 33. Ra7 Re7 34.
Ra5 Re5 35. Rbb5 Ra8 36. Qa4 Rxa5 37. Qxa5 Qd7 38. Nd4 Nf6 39. Rxc5 Re8 40. Rc7
Qd8 41. Qa7 Rf8 42. c5 Qd5 43. c6 Qc4 44. Qa1 Nd5 45. Rb7 Qc5 46. Rb5 Qc4 47.
Qa5 Ne7 48. Rc5 Qd3 49. c4 Qd1+ 50. Kh2 Qf1 51. Qd2 Qa1 52. Nb5 Qf6 53. c7 Nc8
54. Rd5 g6 55. c5 Qc6 56. Rd8 Qxb5 57. Rxc8 Qxc5 58. Rxf8+ Kxf8 59. Qd8+ Kg7
60. Qd4+ 1-0

[Event "99th YMCA Autumn D"]
[Site "Warszawa"]
[Date "2011.10.03"]
[Round "3"]
[White "Praczukowski, Stanislaw"]
[Black "Rodak, Przemyslaw"]
[Result "1-0"]
[WhiteElo "1678"]
[BlackElo "1551"]
[PlyCount "91"]
[EventDate "2011.09.19"]
[EventType "tourn"]
[EventRounds "1"]
[EventCountry "POL"]
[SourceDate "2011.09.20"]

1. d4 d5 2. c4 Nf6 3. cxd5 Qxd5 4. Nc3 Qd8 5. Nf3 e6 6. e4 Be7 7. Bf4 a6 8. Rc1
c5 9. Be2 cxd4 10. Nxd4 O-O 11. O-O b5 12. Bxb8 Rxb8 13. Nc6 Qc7 14. Nxb8 Qxb8
15. Bf3 Rd8 16. Qe2 Bb7 17. Rfd1 Qe5 18. Rxd8+ Bxd8 19. a3 Bc7 20. g3 Bb6 21.
Rd1 h6 22. Qd3 Qb8 23. Rd2 Qa8 24. Kg2 Nh7 25. Qd6 Qa7 26. Qe7 Nf6 27. a4 bxa4
28. Nxa4 Ba5 29. b4 Bb6 30. Nxb6 Qxb6 31. Qd8+ Qxd8 32. Rxd8+ Kh7 33. Rb8 Bc6
34. Rc8 Bb5 35. Rc7 Kg8 36. e5 Nd5 37. Bxd5 exd5 38. f4 Kf8 39. Kf2 d4 40. Kf3
Ke8 41. e6 fxe6 42. Rxg7 Kd8 43. g4 Kc8 44. g5 d3 45. Ke3 hxg5 46. fxg5 1-0

[Event "99th YMCA Autumn D"]
[Site "Warszawa"]
[Date "2011.10.11"]
[Round "4"]
[White "Budrewicz, Henryk"]
[Black "Rodak, Przemyslaw"]
[Result "1/2-1/2"]
[WhiteElo "1596"]
[BlackElo "1551"]
[PlyCount "64"]
[EventDate "2011.09.19"]
[EventType "tourn"]
[EventRounds "1"]
[EventCountry "POL"]
[SourceDate "2011.09.20"]

1. d4 d5 2. Nf3 Nf6 3. Bf4 Bf5 4. e3 e6 5. Bb5+ c6 6. Be2 h6 7. Nbd2 Nbd7 8.
Ne5 Nxe5 9. dxe5 Nd7 10. O-O Qc7 11. Nf3 Be4 12. Bd3 Bxf3 13. Qxf3 Nxe5 14. Qg3
f6 15. Bg6+ Kd7 16. c4 Bd6 17. cxd5 cxd5 18. Rfc1 Qb6 19. Bc2 g5 20. Ba4+ Ke7
21. Bxe5 Bxe5 22. Qg4 Rac8 23. Rxc8 Rxc8 24. Rb1 Rc4 25. Qd1 Qc7 26. g3 Bxb2
27. Kg2 Rc1 28. Qd3 Rxb1 29. Qxb1 Qe5 30. Qh7+ Kd6 31. Qd7+ Kc5 32. Qb5+ Kd6
1/2-1/2

[Event "99th YMCA Autumn D"]
[Site "Warszawa"]
[Date "2011.10.10"]
[Round "4"]
[White "Wilczynski, Adam"]
[Black "Praczukowski, Stanislaw"]
[Result "0-1"]
[WhiteElo "1680"]
[BlackElo "1678"]
[PlyCount "138"]
[EventDate "2011.09.19"]
[EventType "tourn"]
[EventRounds "1"]
[EventCountry "POL"]
[SourceDate "2011.09.20"]

1. c4 Nf6 2. Nf3 g6 3. g3 d5 4. cxd5 Nxd5 5. Bg2 Bg7 6. O-O O-O 7. Nc3 Nb6 8.
d4 Nc6 9. d5 Na5 10. e4 c6 11. dxc6 Qxd1 12. Rxd1 Nxc6 13. Re1 Nd4 14. Rd1 Bg4
15. h3 Bxf3 16. Bxf3 Nc2 17. Rb1 Nd4 18. Bg2 Rfd8 19. Bd2 Nc4 20. Be1 Nc2 21.
Bf1 Ne5 22. Kg2 Nxe1+ 23. Rxe1 Rd2 24. Re2 Rad8 25. Rxd2 Rxd2 26. Nd5 e6 27.
Nc3 Bf8 28. a3 Bc5 29. Nd1 Bd4 30. b3 Nd7 31. Kf3 Ra2 32. a4 Nc5 33. Bc4 Ra3
34. Ne3 Bxe3 35. fxe3 Nd7 36. Kf4 Ra2 37. e5 Rf2+ 38. Ke4 Rf5 39. Rd1 Rxe5+ 40.
Kd4 a6 41. Rf1 Rg5 42. g4 h5 43. Be2 Rd5+ 44. Kc3 hxg4 45. hxg4 Ne5 46. b4 Kg7
47. e4 Rd7 48. g5 Rc7+ 49. Kb3 Nc6 50. Rd1 e5 51. Bd3 Nd4+ 52. Kb2 Nf3 53. Bc2
Nxg5 54. Rd6 Nf3 55. Bb3 g5 56. a5 f6 57. Be6 Nd4 58. Rd7+ Rxd7 59. Bxd7 Nb5
60. Bg4 Nd6 61. Bf3 Kg6 62. Kb3 f5 63. exf5+ Kxf5 64. Ka4 e4 65. Be2 g4 66. b5
axb5+ 67. Bxb5 g3 68. Bf1 e3 69. Kb4 g2 0-1

[Event "99th YMCA Autumn D"]
[Site "Warszawa"]
[Date "2011.10.10"]
[Round "4"]
[White "Jarzyna, Michal"]
[Black "Litner, Igor"]
[Result "1-0"]
[WhiteElo "1495"]
[BlackElo "1676"]
[PlyCount "85"]
[EventDate "2011.09.19"]
[EventType "tourn"]
[EventRounds "1"]
[EventCountry "POL"]
[SourceDate "2011.09.20"]

1. b3 b6 2. Bb2 Bb7 3. Nf3 Nf6 4. c4 c5 5. g3 g6 6. Bg2 Bg7 7. O-O O-O 8. Qc2
e6 9. d4 cxd4 10. Bxd4 Nc6 11. Bc3 Rc8 12. Nbd2 d5 13. Qb2 Nh5 14. Bxg7 Nxg7
15. Rfd1 Qe7 16. cxd5 exd5 17. Nf1 Rfd8 18. Ne3 Nb4 19. a3 Na6 20. Rd2 Rc7 21.
Rad1 Rcd7 22. Ne5 Rd6 23. Nxd5 Bxd5 24. Bxd5 Ne6 25. Nc6 Rxc6 26. Bxc6 Rxd2 27.
Rxd2 Qc5 28. Rc2 Qf5 29. Bd7 Nac5 30. Bxe6 Qxe6 31. b4 Ne4 32. Qd4 Qf5 33. Rc4
Ng5 34. f4 Nh3+ 35. Kg2 g5 36. Qd8+ Kg7 37. Qc8 Nxf4+ 38. gxf4 Qd5+ 39. Kh3
gxf4 40. Qg4+ Kf8 41. Rxf4 Qb3+ 42. Rf3 Qd1 43. Qf5 1-0

[Event "99th YMCA Autumn D"]
[Site "Warszawa"]
[Date "2011.10.10"]
[Round "4"]
[White "Powalka, Michal"]
[Black "Pajak, Jakub"]
[Result "0-1"]
[WhiteElo "1560"]
[BlackElo "1694"]
[PlyCount "80"]
[EventDate "2011.09.19"]
[EventType "tourn"]
[EventRounds "1"]
[EventCountry "POL"]
[SourceDate "2011.09.20"]

1. e4 c5 2. Nf3 Nc6 3. d4 cxd4 4. Nxd4 g6 5. Nc3 Bg7 6. Be3 Nf6 7. Bc4 O-O 8.
Bb3 d6 9. f3 Na5 10. Qd2 Bd7 11. O-O-O Nxb3+ 12. cxb3 a6 13. g4 b5 14. Kb1 b4
15. Nd5 Nxd5 16. exd5 a5 17. Bh6 Bxh6 18. Qxh6 a4 19. bxa4 Bxa4 20. Rdg1 Qa5
21. Nf5 Bc2+ 22. Kxc2 Rfc8+ 23. Kd1 Qxd5+ 24. Ke1 Qe5+ 25. Kd1 Rxa2 26. Re1
Ra1+ 27. Kd2 Qxb2+ 28. Ke3 Rc3+ 29. Kf4 Rc4+ 30. Kg3 Rxe1 31. Rxe1 gxf5 32.
Qg5+ Qg7 33. Qxe7 f4+ 34. Kg2 Rc2+ 35. Kf1 Qh6 36. h4 Qg6 37. Qd8+ Kg7 38. Kg1
b3 39. h5 Qf6 40. h6+ Qxh6 0-1

[Event "99th YMCA Autumn D"]
[Site "Warszawa"]
[Date "2011.10.25"]
[Round "4"]
[White "Gajewski, Wojciech"]
[Black "Sokur, Iwan"]
[Result "0-1"]
[WhiteElo "1486"]
[BlackElo "1456"]
[PlyCount "60"]
[EventDate "2011.09.19"]
[EventType "tourn"]
[EventRounds "1"]
[EventCountry "POL"]
[SourceDate "2011.09.20"]

1. c4 c5 2. Nc3 Nc6 3. g3 Nf6 4. Bg2 e5 5. d3 d6 6. Nf3 Bg4 7. h3 Bxf3 8. Bxf3
Qd7 9. Bg2 Be7 10. a3 Rb8 11. O-O O-O 12. Rb1 a6 13. b4 cxb4 14. axb4 b5 15.
cxb5 axb5 16. Bg5 Nh5 17. Bxe7 Nxe7 18. Qb3 Nf6 19. Nd5 Nexd5 20. Bxd5 Qxh3 21.
Bg2 Qh6 22. Bf3 d5 23. e3 Rfc8 24. Rfc1 d4 25. Rxc8+ Rxc8 26. exd4 exd4 27. Qb2
Rc3 28. Ra1 g6 29. Ra8+ Kg7 30. Qe2 Rc1+ 0-1